Faculty of Law Library — Cairo University

Official Online Catalog

النظام العام و البعد الاحتماعى للقوانين الوطنية فى مجال القانون الدولى الخاص / (Record no. 68543)

MARC details
000 -LEADER
fixed length control field 01225nam a2200313 i 4500
003 - CONTROL NUMBER IDENTIFIER
control field EG-GICUC
005 - DATE AND TIME OF LATEST TRANSACTION
control field 20260403182536.0
008 - FIXED-LENGTH DATA ELEMENTS--GENERAL INFORMATION
fixed length control field 260403s2000 ua ||||fr|||| 00| 0 ara d
040 ## - CATALOGING SOURCE
Original cataloging agency EG-GICUC
Language of cataloging ara
Transcribing agency EG-GICUC
Modifying agency EG-GICUC
Description conventions rda
041 ## - LANGUAGE CODE
Language code of text/sound track or separate title ara
082 04 - DEWEY DECIMAL CLASSIFICATION NUMBER
Edition number 21
Classification number 341.8
Item number م ح . ن
092 04 - LOCALLY ASSIGNED DEWEY CALL NUMBER (OCLC)
Edition number 21
099 ## - LOCAL FREE-TEXT CALL NUMBER (OCLC)
Classification number Law1 12 341.8 م ح . ن 2000
100 1# - MAIN ENTRY--PERSONAL NAME
Personal name محمد حمدى محمد بهنسى
Relator term مؤلف.
245 ## - TITLE STATEMENT
Title النظام العام و البعد الاحتماعى للقوانين الوطنية فى مجال القانون الدولى الخاص /
Statement of responsibility, etc. محمد حمدى محمد بهنسى .
264 ## - PRODUCTION, PUBLICATION, DISTRIBUTION, MANUFACTURE, AND COPYRIGHT NOTICE
Place of production, publication, distribution, manufacture الشرقية :
Name of producer, publisher, distributor, manufacturer جامعة الزقازيق ,
Date of production, publication, distribution, manufacture, or copyright notice 2000 .
300 ## - PHYSICAL DESCRIPTION
Extent 332 ؛ صفحة
Dimensions 24 سم
336 ## - CONTENT TYPE
Source rda content
Content type term text
337 ## - MEDIA TYPE
Source rda media
Media type term Computer
338 ## - CARRIER TYPE
Source rda carrier
Carrier type term Online Resource
490 ## - SERIES STATEMENT
Series statement المجلة القانونية الاقتصادية
Volume/sequential designation No. 12
504 ## - BIBLIOGRAPHY, ETC. NOTE
Bibliography, etc. note . 229-232 ببليوجرافيا: صفحات.
546 ## - LANGUAGE NOTE
Language note النص باللغة العربية
650 1# - SUBJECT ADDED ENTRY--TOPICAL TERM
Topical term or geographic name entry element القانون الدولى الخاص
651 1# - SUBJECT ADDED ENTRY--GEOGRAPHIC NAME
Source of heading or term qrmak
856 40 - ELECTRONIC LOCATION AND ACCESS
Uniform Resource Identifier <a href="https://fll.law.cu.edu.eg/fulltext/bks/B12-02963.pdf">https://fll.law.cu.edu.eg/fulltext/bks/B12-02963.pdf</a>
905 ## - Cataloger and Reviser Names
Cataloger Name: Hager Sameh
942 ## - ADDED ENTRY ELEMENTS (KOHA)
Source of classification or shelving scheme Dewey Decimal Classification
Koha item type Books
Edition 21
Suppress in OPAC No
Holdings
Withdrawn status Lost status Source of classification or shelving scheme Damaged status Not for loan Collection Home library Current library Date acquired Total checkouts Full call number Barcode Date last seen Copy number Price effective from Koha item type
    Dewey Decimal Classification   Not for loan القانون الدولي الخاص جــــامعة القــاهرة مكتبة كلية الحقوق - المبنى الرئيسي 03.04.2026   Law1 12 341.8 م ح . ن 2000 1202963 C1 B12-02963 03.04.2026 1 03.04.2026 Books

© All rights reserved — Faculty of Law, Cairo University